| 000 | 00932nam a2200325Ia 4500 | ||
|---|---|---|---|
| 001 | Z_6498 | ||
| 003 | CHAP | ||
| 008 | 220113s1971 xx 000 0 und d | ||
| 010 | _a169764 | ||
| 040 | _cCHAP | ||
| 082 | _a576.64078 C86 | ||
| 100 |
_aCunningham, Charles H. _930457 |
||
| 240 | _aA laboratory guide in virology | ||
| 245 |
_aVirologia practica / _cCharles H. Cunningham; B. Moreno García |
||
| 250 | _a6a ed. | ||
| 260 |
_aEspaña : _bAcribia, _c1971 |
||
| 300 | _a260 p. | ||
| 500 | _aTraducción de la obra en inglés: A laboratory guide in virology | ||
| 503 | _aej.1: donación de Sr. Victor Paredes 18-agto-2013 | ||
| 504 | _aIncluye índice | ||
| 650 |
_aBacteriología _x _x Manuales de laboratorio _9144968 |
||
| 650 |
_aVirus _9119936 |
||
| 700 |
_aMoreno García, B., tr. _9144969 |
||
| 901 | _a576.64078 C86 | ||
| 902 | _aA | ||
| 910 | _a1971 | ||
| 942 | _c1 | ||
| 942 | _cc1 | ||
| 999 |
_c169764 _d169764 |
||